000 00534nam a22001817a 4500
005 20160725110222.0
010 _aENG-115510
020 _a9789381384862
_c120.00
035 _aEN-99042
037 _bDBAD/PUB
082 _a808.882
100 _aSawhney,Clifford
245 _aMedical Jokes & Humour /
_cby Clifford Sawhney
260 _aNew Delhi
_bV & S Publishers
_c2015
270 _aF-2/16,Ansari Road,Daryaganj
_bNew Delhi
_e110002
300 _a168p. :
_c21cm(pbk)
_bill
942 _2ddc
_cEN
_h808.882
_mSAW
999 _c101432
_d101432